000 00612nam a2200205 u 4500
005 20210223132209.0
008 131003s2008 ag r 000 0 spa d
020 _a9789872438777
035 _aUPN01000193454
049 _aCG
050 4 _aPQ8519 Q5
_bE8.7
100 1 _aQuiroga, Horacio,
_d1878-1937
_929892
245 1 4 _aUna estación de amor y otros cuentos /
_cHoracio Quiroga ; il. Vladimiro Merino.
260 _aBuenos Aires :
_bPictus,
_c2008.
300 _a112 p.
440 0 _aLectosfera.
_pMarfil :
_v106
650 4 _aLITERATURA JUVENIL URUGUAYA
_912905
905 _aLibro
999 _c165555
_d165555